Te doy mis ojos

Una noche de invierno, Pilar sale huyendo de su casa. Lleva consigo apenas cuatro cosas y a su hijo Juan. Escapa de Antonio, un marido que la maltrata y con el que lleva 9 años casada. Antonio no tarda en ir a buscarla. Pilar es su sol, dice, y además, "le ha dado sus ojos".

Guardado en:
Autor Principal: Bollaín, Icíar.
Autor Corporativo: La Iguana.
Otros Autores: Marull, Laia; Reparto., Tosar, Luis; Reparto.
Formato: Deslizar
Idioma:Undetermined
Publicado: España, 2003.
Materias:
Etiquetas: Agregar Etiqueta
Sin Etiquetas, Sea el primero en etiquetar este registro!
LEADER 00984ngm a22002175a 4500
001 CEM.cems020595
008 231030s2003####xx#---############vlund#d
005 20231030210643.0
245 1 0 |a Te doy mis ojos  |h [videograbación] /  |c Icíar Bollaín. 
260 |a España,  |c 2003. 
300 |a 106'. 
520 |a Una noche de invierno, Pilar sale huyendo de su casa. Lleva consigo apenas cuatro cosas y a su hijo Juan. Escapa de Antonio, un marido que la maltrata y con el que lleva 9 años casada. Antonio no tarda en ir a buscarla. Pilar es su sol, dice, y además, "le ha dado sus ojos". 
590 |a Identificación anterior: 254 
538 |a Soporte: DVD -- Formato: DVD – Peso: 3.50gb -- Resolución: 720 x 480 -- 29.97fps 
100 1 |a Bollaín, Icíar. 
700 1 |a Marull, Laia; Reparto. 
700 1 |a Tosar, Luis; Reparto. 
710 2 |a La Iguana. 
653 |a LARGOMETRAJE 
653 |a FICCIÓN 
859 |a CEMS  |b BIB. CEMS - Depto. Recursos Didacticos  |h 778.5  |i BOL  |k DRD  |p 3198.23  |t Ej.1